Gossip Girl Episode Names III Quiz Stats

 Plays Quiz not verified by Sporcle

Challenge
Share
Tweet
Embed
Score 0/22 Timer 08:00
0 Plays Today
Gossip Girl Episode Original % Correct
The DebartedThe Departed
89.6%
The Empire Strikes JackStar Wars Episode V: The Empire Strikes Back
83.8%
The Sixteen Year Old VirginThe 40-Year-Old Virgin
82.5%
The Hurt LocketThe Hurt Locker
79.9%
The Grandfather: Part IIThe Godfather Part II
77.7%
How to Succeed in BassnessHow to Succeed in Business Without Really Trying
68.3%
The Unblairable Lightness of BeingThe Unbearable Lightness of Being
57.9%
Dr. EstrangelovedDr. Strangelove
56.9%
Enough About EveAll About Eve
53.4%
Inglourious BassterdsInglourious Basterds
48.4%
The Lost BoyThe Lost Boys
47.7%
Gossip Girl Episode Original % Correct
Ex-Husbands and WivesHusbands and Wives
44%
The FreshmenThe Freshman
43.9%
It's a Dad, Dad, Dad. Dad WorldIt's a Mad, Mad, Mad, Mad World
41.4%
Rufus Getting MarriedRachel Getting Married
39.1%
The Treasure of Serena MadreThe Treasure of the Sierra Madre
31.8%
The Last Days of Disco StickThe Last Days of Disco & LoveGame
30.6%
Last Tango, Then ParisLast Tango in Paris
30.2%
Reversals of FortuneReversal of Fortune
22.3%
They Shoot Humphreys, Don't They?They Shoot Horses, Don't They?
19.2%
The Lady VanishedThe Lady Vanishes
15.3%
Dan de FleuretteJean de Florette
7.5%

You're not logged in!

Compare scores with friends on all Sporcle quizzes.
Join for Free
OR
Log In

You Might Also Like...

Show Comments

Extras

Created Jul 26, 2010ReportNominate
Tags:episode, Gossip Girl, Season 3

Top Quizzes Today


Score Distribution

Your Account Isn't Verified!

In order to create a playlist on Sporcle, you need to verify the email address you used during registration. Go to your Sporcle Settings to finish the process.

Report this User

Report this user for behavior that violates our Community Guidelines.

Details: